Basic analysis of regularized series and products
Αποθηκεύτηκε σε:
| Κύριος συγγραφέας: | |
|---|---|
| Άλλοι συγγραφείς: | |
| Μορφή: | Βιβλίο |
| Γλώσσα: | English |
| Δημοσίευση: |
Berlin ; New York :
Springer-Verlag,
c1993
|
| Σειρά: | Lecture notes in mathematics (Springer-Verlag)
; 1564 |
| Θέματα: | |
| Ετικέτες: |
Προσθήκη ετικέτας
Δεν υπάρχουν, Καταχωρήστε ετικέτα πρώτοι!
|
MARC
| LEADER | 00000cam a2200000 i 4500 | ||
|---|---|---|---|
| 001 | 1/30226 | ||
| 008 | 960704s1993 eng d | ||
| 020 | |a 3540574883 | ||
| 020 | |a 0387574883 | ||
| 035 | |l 10038516 | ||
| 035 | |a 1995 | ||
| 040 | |a GR-MY-UA |b gre |e aacr | ||
| 041 | 0 | |a eng | |
| 082 | 0 | |a 512.73 |2 (20) | |
| 100 | 1 | |a Jorgenson, Jay. | |
| 245 | 1 | 0 | |a Basic analysis of regularized series and products / |c Jay Jorgenson, Serge Lang |
| 260 | |a Berlin ; New York : |b Springer-Verlag, |c c1993 | ||
| 300 | |a 122 p.; |c 24 cm. | ||
| 490 | 1 | |a Lecture notes in mathematics (Springer-Verlag) |v ; 1564 | |
| 504 | |a Includes bibliographical references (p. [119]-122) | ||
| 650 | 0 | 0 | |a Number theory. |
| 650 | 0 | 0 | |a Spectral theory (Mathematics) |
| 650 | 0 | 0 | |a Sequences (Mathematics) |
| 700 | 1 | |a Lang, Serge |d 1927-2005. | |
| 830 | 0 | |a Lecture notes in mathematics (Springer-Verlag) |v ; 1564 | |
| 852 | |a INST |b SAMOS |e 19960704 |h 512.73 JOR |p 005300005306 |q 005300005306 |t BK |y 0 | ||
| 909 | |a Σ |b 039209 | ||